| 000 | 00571nam a2200193Ia 4500 | ||
|---|---|---|---|
| 005 | 20250923145620.0 | ||
| 008 | 008 250917s9999 xx 000 0 eng d | ||
| 037 | _aTextual | ||
| 040 |
_aDSWL _beng _cDSWL |
||
| 041 |
_aeng _2eng |
||
| 084 |
_aX:9n2,N46, N83 _qDSWL |
||
| 245 | 0 |
_aIndian labour year book 1982 _c by Labour Bureau, India |
|
| 260 |
_aNew Delhi _bDelhi Ministry of Labour and Rehabilitation _c1983 |
||
| 300 | _ax,335 p. | ||
| 365 |
_aINR _b95.00 |
||
| 925 | _g95.00 | ||
| 942 |
_cTEXL _hX:9n2,N46, N83 |
||
| 999 |
_c1453505 _d1453505 |
||